Culture Générale - Clic Quiz - La réponse est en image #16 - Statistiques

Statistiques générales
  • Ce quiz a été pris 299 fois
    63 depuis la dernière actualisation
  • Le résultat moyen est 28 sur 40
Statistiques - réponses
Hint Réponse % Correct
Crabe
93%
Homard
93%
Dominique Strauss-Kahn (en emoji par IA)
91%
Tom Cruise (en emoji par IA)
91%
Thorax
91%
Le symbole du Yin et du Yang
91%
Agent Smith dans Matrix
89%
Clef de sol
89%
Jim Carrey (en emoji par IA)
86%
Tibia
86%
Dièse
84%
Crevette
84%
Cigale de mer
84%
L'Arme Fatale
82%
Langoustine
82%
Ile de France
82%
José Mourinho (en emoji par IA)
77%
John Kramer dans Saw
75%
Tariq Ramadan (en emoji par IA)
73%
Tarse
70%
Coccyx (approximativement)
70%
Clef de fa
70%
Pauline Ferrand-Prevot (Cyclisme)
68%
La Menorah
68%
Fémur
66%
Manon Apithy-Brunet (Escrime)
64%
Pays de la Loire
61%
Dieu dans Bruce tout-puissant
61%
L'Associé du diable
57%
Languedoc Roussillon
57%
Auvergne
55%
Svastika hindou
55%
Alize Lim (Tennis)
52%
Provence-Alpes-Côte d'Azur
52%
Bécarre
50%
Clara Mateo (Football)
45%
Clef d'ut
43%
Le Chrisme
41%
Elodie Clouvel (Pentathlon Moderne)
34%
Rub El Hizb (marque une fin de chapitre en calligraphie arabe)
23%
Aucun quiz correspondant
Distribution des résultats
% des personnes avec chaque résultat
Percentile par nombre de réponses
Votre historique - résultats
Vous n’avez pas pris ce quiz depuis la dernière actualisation